Statistics for Anatolian Language Family Tree

Click here to take the quiz!

General Stats

  • This quiz has been taken 25 times
  • The average score is 5 of 9

Answer Stats

BranchAnswer% Correct
LydianLydian
81%
HittiteHittite
71%
LuwicLycian
71%
LuwicCarian
62%
LuwicLuwian
62%
LuwicPisidian
52%
LuwicSidetic
43%
LuwicMilyan
29%
PalaicPalaic
29%

Score Distribution

Percentile by Number Answered

Percent of People with Each Score

Your Score History

You have not taken this quiz